Adapting transport to climate change and extreme weather implications for infrastructure owners and network managers

Enregistré dans:
Détails bibliographiques
Collectivité auteur: International Transport Forum
Format: Livre
Langue:anglais
Publié: Paris OECD 2016
Collection:Research Report
Sujets:
Tags: Ajouter un tag
Pas de tags, Soyez le premier à ajouter un tag!

MARC

LEADER 00000nam a2200000 4500
001 0230539
005 20240314122701.4
020 |a 978-92-82-10806-2 
041 0 |a eng 
044 |a FR 
245 1 0 |a Adapting transport to climate change and extreme weather  |b implications for infrastructure owners and network managers 
264 1 |a Paris  |b OECD  |c 2016 
300 |a 139 s. 
490 1 |a Research Report 
830 0 |a Research Report 
610 2 0 |a doprava 
610 2 0 |a politika dopravná 
610 2 0 |a infraštruktúra dopravná 
610 2 0 |a zmeny klimatické 
610 2 0 |a manažment 
110 2 |a International Transport Forum